[Event "ch-FRA Accession 2014"]
[Site "Nimes FRA"]
[Date "2014.08.17"]
[Round "1.1"]
[White "Lagarde, Maxime"]
[Black "Jablonski, Noham"]
[Result "1-0"]
[WhiteTitle "GM"]
[BlackTitle "FM"]
[WhiteElo "2534"]
[BlackElo "2259"]
[WhiteFideId "662399"]
[BlackFideId "616770"]
[EventDate "2014.08.17"]
[EventType "swiss"]

1. Nf3 c5 2. g3 Nf6 3. Bg2 g6 4. b3 Bg7 5. Bb2 d6 6. c4 Nc6 7. O-O e5 8. Nc3 O-O
9. Ne1 Nh5 10. e3 f5 11. f4 Nf6 12. Nc2 Be6 13. Na4 e4 14. d4 cxd4 15. Nxd4 Nxd4
16. Bxd4 b6 17. Qd2 Qe7 18. Rfd1 Rfd8 19. Rac1 Rac8 20. Bf1 g5 21. Be2 g4 22.
Nc3 h5 23. Nd5 Qf7 24. Qb2 Nxd5 25. cxd5 Bd7 26. Bxg7 Qxg7 27. Qxg7+ Kxg7 28.
Ba6 Rc5 29. b4 Rxc1 30. Rxc1 Be8 31. Rc7+ Rd7 32. Rc8 Bf7 33. Bb5 Re7 34. Bc6 1-0

[Event "ch-FRA Accession 2014"]
[Site "Nimes FRA"]
[Date "2014.08.17"]
[Round "1.2"]
[White "Briet, Antoine"]
[Black "Apicella, Manuel"]
[Result "0-1"]
[WhiteTitle "FM"]
[BlackTitle "GM"]
[WhiteElo "2254"]
[BlackElo "2520"]
[WhiteFideId "644641"]
[BlackFideId "600164"]
[EventDate "2014.08.17"]
[EventType "swiss"]

1. e4 e6 2. d4 d5 3. Nc3 Bb4 4. e5 Ne7 5. a3 Bxc3+ 6. bxc3 c5 7. Qg4 O-O 8. Bd3
f5 9. exf6 Rxf6 10. Bg5 Rf7 11. Qh5 g6 12. Qd1 Qa5 13. Bd2 c4 14. Be2 Nd7 15.
Nf3 Nc6 16. h4 Nf6 17. h5 gxh5 18. Ne5 Nxe5 19. dxe5 Ne4 20. Bxh5 Rg7 21. Rh4
Nxd2 22. Kxd2 Qc5 23. Qf3 Bd7 24. Rf4 Bc6 25. Bf7+ Kh8 26. Bxe6 Rd8 27. Rf7 Rxf7
28. Bxf7 Qe7 29. Rh1 Qxe5 30. Rh5 Qg7 31. Rf5 d4 32. Qf4 dxc3+ 33. Ke3 Rf8 34.
g4 Bd7 35. Bxc4 Re8+ 36. Kf3 Bxf5 37. gxf5 Qe5 38. Qg4 Rf8 39. Bd3 Qd5+ 40. Be4
Qd1+ 41. Kf4 Qxg4+ 42. Kxg4 b6 0-1

[Event "ch-FRA Accession 2014"]
[Site "Nimes FRA"]
[Date "2014.08.17"]
[Round "1.3"]
[White "Demuth, Adrien"]
[Black "Gervasio, Ricardo"]
[Result "1/2-1/2"]
[WhiteTitle "IM"]
[WhiteElo "2518"]
[BlackElo "2239"]
[WhiteFideId "642274"]
[BlackFideId "2104997"]
[EventDate "2014.08.17"]
[EventType "swiss"]

1. Nf3 Nf6 2. c4 e6 3. g3 c5 4. Bg2 Nc6 5. O-O d6 6. b3 Be7 7. Bb2 e5 8. Nc3 O-O
9. d3 Re8 10. a3 Rb8 11. Nd2 Bf8 12. b4 cxb4 13. axb4 Nxb4 14. Rxa7 Na6 15. Qb3
Nc5 16. Qc2 Na6 17. Qb3 Nc5 18. Qa2 Na6 19. Na4 Bd7 20. Bxb7 Nb4 21. Qa3 d5 22.
c5 Bxa4 23. Qxa4 Bxc5 24. Ra5 Bf8 25. Rb5 Qd7 26. Rxb4 Bxb4 27. Bc6 Qe7 28. Bxe8
Bxd2 29. Qc2 Qb4 30. Bxe5 Rxe8 31. Rb1 Qa5 32. Ra1 Qb4 33. Rb1 Qa5 34. Ra1 Qb4
35. Rb1 1/2-1/2

[Event "ch-FRA Accession 2014"]
[Site "Nimes FRA"]
[Date "2014.08.17"]
[Round "1.4"]
[White "Domenech, Vianney"]
[Black "Wirig, Anthony"]
[Result "1/2-1/2"]
[BlackTitle "GM"]
[WhiteElo "2238"]
[BlackElo "2506"]
[WhiteFideId "656089"]
[BlackFideId "615013"]
[EventDate "2014.08.17"]
[EventType "swiss"]

1. d4 Nf6 2. Bf4 d5 3. e3 c5 4. c3 Nc6 5. Nd2 Bf5 6. Ngf3 Qb6 7. Qb3 c4 8. Qxb6
axb6 9. a3 h6 10. h3 b5 11. Rc1 Nd7 12. Be2 e6 13. Bd1 Nb6 14. O-O Be7 15. Re1
Bd3 16. e4 Kd7 17. Bc2 Bxc2 18. Rxc2 g5 19. Bh2 h5 20. exd5 Nxd5 21. Nf1 g4 22.
Ne5+ Nxe5 23. Bxe5 f6 24. Bh2 gxh3 25. gxh3 Rhg8+ 26. Kh1 Bd6 27. Ne3 Nxe3 28.
Rxe3 Rg5 29. Bxd6 Kxd6 30. Rce2 Re8 31. Kh2 Kd5 32. Rg3 Reg8 33. Ree3 e5 34.
dxe5 fxe5 35. Kg2 h4 36. Rxg5 Rxg5+ 37. Kf3 Rf5+ 38. Kg2 Rg5+ 39. Kf3 Rf5+ 40.
Kg2 Rf4 41. Re2 Rf8 1/2-1/2

[Event "ch-FRA Accession 2014"]
[Site "Nimes FRA"]
[Date "2014.08.17"]
[Round "1.5"]
[White "Bricard, Emmanuel"]
[Black "Meynard, Thibault"]
[Result "1-0"]
[WhiteTitle "GM"]
[WhiteElo "2457"]
[BlackElo "2237"]
[WhiteFideId "600245"]
[BlackFideId "625493"]
[EventDate "2014.08.17"]
[EventType "swiss"]

1. d4 d5 2. c4 c6 3. cxd5 cxd5 4. Bf4 Nc6 5. e3 Nf6 6. Nc3 e6 7. Bd3 Be7 8. h3
O-O 9. Nf3 a6 10. O-O b5 11. a4 b4 12. Ne2 Bb7 13. Nc1 Na5 14. Nb3 Ne4 15. Rc1
Nxb3 16. Qxb3 Bd6 17. Rc2 Bxf4 18. exf4 Qd6 19. Rfc1 f6 20. a5 Rfc8 21. g3 Kf7
22. Bf1 Rxc2 23. Rxc2 Bc6 24. Ne1 Bb5 25. Bxb5 axb5 26. Kg2 Qd8 27. Nd3 Qxa5 28.
f5 Rd8 29. fxe6+ Kxe6 30. f3 Ng5 31. h4 Nf7 32. Nc5+ Ke7 33. Qe3+ Kf8 34. Ne6+
Kg8 35. Nxd8 Qxd8 36. Qe6 1-0

[Event "ch-FRA Accession 2014"]
[Site "Nimes FRA"]
[Date "2014.08.17"]
[Round "1.6"]
[White "Louis, Thibault"]
[Black "Velten, Paul"]
[Result "0-1"]
[BlackTitle "IM"]
[WhiteElo "2235"]
[BlackElo "2437"]
[WhiteFideId "681369"]
[BlackFideId "681091"]
[EventDate "2014.08.17"]
[EventType "swiss"]

1. e4 e6 2. d4 d5 3. e5 c5 4. c3 Nc6 5. Nf3 Bd7 6. Na3 f6 7. Bd3 Qa5 8. O-O c4
9. b4 Qc7 10. Bc2 fxe5 11. dxe5 Nxe5 12. Nd4 Nd3 13. Bxd3 cxd3 14. Qxd3 Nf6 15.
Nab5 Qb6 16. Re1 Kf7 17. a4 a6 18. a5 Bxb5 19. Qh3 Qd6 20. Rxe6 Re8 21. Rxe8
Bxe8 22. Bg5 Bd7 23. Qf3 Qe5 24. Bd2 Bd6 0-1

[Event "ch-FRA Accession 2014"]
[Site "Nimes FRA"]
[Date "2014.08.17"]
[Round "1.7"]
[White "Battaglini, Gabriel"]
[Black "Camus, Berenger"]
[Result "1-0"]
[WhiteTitle "IM"]
[WhiteElo "2431"]
[BlackElo "2234"]
[WhiteFideId "621650"]
[BlackFideId "631124"]
[EventDate "2014.08.17"]
[EventType "swiss"]

1. d4 d5 2. Bg5 h6 3. Bh4 Nf6 4. Bxf6 gxf6 5. e3 c6 6. Nf3 Bf5 7. Bd3 Bxd3 8.
Qxd3 e6 9. O-O Nd7 10. Nc3 f5 11. Ne2 Bd6 12. b3 Rg8 13. g3 Nf6 14. c4 a6 15. c5
Bc7 16. b4 Ne4 17. a4 Ng5 18. Nh4 Qf6 19. Kh1 Ne4 20. Nf4 Kd7 21. Nf3 h5 22.
Rab1 h4 23. Nxh4 Rh8 24. Nf3 Qh6 25. Rb2 Rag8 26. Rg1 Ng5 27. Nh4 Bxf4 28. exf4
Nh3 29. Rgb1 Nxf4 30. Qe3 Ng6 31. Qxh6 Rxh6 32. Nf3 f6 33. b5 axb5 34. axb5 Rc8
35. Ra1 Rc7 36. Ra7 1-0

[Event "ch-FRA Accession 2014"]
[Site "Nimes FRA"]
[Date "2014.08.17"]
[Round "1.8"]
[White "Malka, Samuel"]
[Black "Sochacki, Christophe"]
[Result "0-1"]
[BlackTitle "IM"]
[WhiteElo "2226"]
[BlackElo "2431"]
[WhiteFideId "20643675"]
[BlackFideId "662569"]
[EventDate "2014.08.17"]
[EventType "swiss"]

1. d4 d5 2. c4 c6 3. Nf3 Nf6 4. Nc3 dxc4 5. a4 Bf5 6. Ne5 Nbd7 7. Nxc4 Qc7 8. g3
e5 9. dxe5 Nxe5 10. Bf4 Nfd7 11. Bg2 Be6 12. Nxe5 Nxe5 13. Qd4 f6 14. a5 a6 15.
Qa4 Be7 16. Nd5 Bxd5 17. Bxd5 Qd6 18. Bb3 Qb4+ 19. Bd2 Qxa4 20. Rxa4 O-O-O 21.
Bc3 Nd7 22. Ra1 Bd6 23. O-O Be5 24. Bxe5 Nxe5 25. Rfd1 Rhe8 26. Rxd8+ Kxd8 27.
Bc2 g6 28. b4 Kc7 29. f4 Nc4 30. Kf2 f5 31. Bd3 Ne3 32. Rc1 Kd6 33. h3 h5 34.
Rc5 Kd7 35. Rc1 Re6 36. Bc4 Nxc4 37. Rxc4 Kc7 38. Kf3 b5 39. Rd4 c5 40. bxc5 Kc6
41. Rd6+ Rxd6 42. cxd6 h4 43. gxh4 Kxd6 44. e4 fxe4+ 45. Kxe4 Ke6 46. h5 gxh5
47. h4 Kf6 48. f5 b4 49. Kd4 Kxf5 50. Kc4 Kg4 51. Kxb4 Kxh4 52. Kc5 Kg4 53. Kb6
h4 54. Kxa6 h3 55. Ka7 h2 56. a6 h1=Q 57. Kb8 Qb1+ 58. Ka8 Qe4+ 59. Kb8 Qe5+ 60.
Ka8 Qd5+ 61. Kb8 Qb5+ 0-1

[Event "ch-FRA Accession 2014"]
[Site "Nimes FRA"]
[Date "2014.08.17"]
[Round "1.9"]
[White "Mullon, Jean-Baptiste"]
[Black "Mouhamad, Joachin"]
[Result "0-1"]
[WhiteTitle "IM"]
[WhiteElo "2430"]
[BlackElo "2224"]
[WhiteFideId "613606"]
[BlackFideId "656410"]
[EventDate "2014.08.17"]
[EventType "swiss"]

1. e4 c5 2. Nf3 Nc6 3. Bb5 g6 4. O-O Bg7 5. c3 Nf6 6. e5 Nd5 7. d4 cxd4 8. cxd4
a6 9. Bc4 Nb6 10. Bb3 d5 11. h3 Bf5 12. Nc3 O-O 13. Re1 Qd7 14. Bf4 Rac8 15. Qd2
Na5 16. Nh2 Nbc4 17. Qe2 b5 18. Ng4 Nc6 19. Rad1 Na7 20. Nh6+ Bxh6 21. Bxh6 Rfd8
22. Kh2 Qc6 23. g4 Bd7 24. Rd3 Nb6 25. f4 b4 26. Nd1 Qc7 27. Rg3 Nb5 28. Qf2 a5
29. e6 Be8 30. exf7+ Bxf7 31. Rge3 Rd7 32. Qh4 Nxd4 33. Kh1 Re8 34. Nf2 Nxb3 35.
axb3 d4 36. Re5 Bd5+ 37. Kh2 e6 38. f5 exf5 39. Bf4 Rxe5 40. Bxe5 Qd8 41. Qxd8+
Rxd8 42. Bc7 Rd7 43. Bxb6 Bxb3 44. Re2 a4 45. Rd2 a3 46. bxa3 bxa3 47. Rxd4 a2
48. Rxd7 a1=Q 49. Bd4 Qc1 50. gxf5 Qf4+ 51. Kh1 Qc1+ 52. Kh2 gxf5 53. Kg3 h6 54.
Be5 0-1

[Event "ch-FRA Accession 2014"]
[Site "Nimes FRA"]
[Date "2014.08.17"]
[Round "1.10"]
[White "Meunier, Clement2"]
[Black "Moussard, Jules"]
[Result "0-1"]
[BlackTitle "IM"]
[WhiteElo "2219"]
[BlackElo "2423"]
[WhiteFideId "20667930"]
[BlackFideId "642908"]
[EventDate "2014.08.17"]
[EventType "swiss"]

1. d4 Nf6 2. c4 e6 3. Nc3 Bb4 4. e3 O-O 5. Bd3 d5 6. cxd5 exd5 7. Ne2 c6 8. O-O
Re8 9. f3 c5 10. a3 cxd4 11. Nb5 Bf8 12. Nbxd4 Nc6 13. b3 Bd7 14. Ra2 Qb6 15.
Kh1 Rac8 16. g4 g6 17. Ng3 Nxd4 18. exd4 Qxd4 19. Bb2 Qf4 20. Bc1 Qd6 21. g5 Nh5
22. Nxh5 gxh5 23. Rg1 Bg7 24. Bb1 d4 25. Rag2 Re6 26. Bf5 Re7 27. Bxd7 Qxd7 28.
f4 d3 29. Qxh5 Rxc1 30. Rxc1 d2 31. Rcg1 Re1 32. g6 fxg6 33. Qa5 Rxg1+ 0-1

[Event "ch-FRA Accession 2014"]
[Site "Nimes FRA"]
[Date "2014.08.17"]
[Round "1.11"]
[White "Barbot, Pierre1"]
[Black "Pieroni, Guillaume"]
[Result "1-0"]
[WhiteTitle "FM"]
[WhiteElo "2409"]
[BlackElo "2218"]
[WhiteFideId "663727"]
[BlackFideId "627933"]
[EventDate "2014.08.17"]
[EventType "swiss"]

1. d4 Nf6 2. Nf3 e6 3. e3 b6 4. Bd3 Bb7 5. O-O c5 6. c4 Be7 7. Nc3 cxd4 8. exd4
d5 9. cxd5 Nxd5 10. Ne5 O-O 11. Qg4 f5 12. Qe2 Nd7 13. Nf3 Rf6 14. Bc4 Nc7 15.
Bf4 Kh8 16. Rad1 Rg6 17. d5 exd5 18. Bxc7 Qxc7 19. Nxd5 1-0

[Event "ch-FRA Accession 2014"]
[Site "Nimes FRA"]
[Date "2014.08.17"]
[Round "1.12"]
[White "Castro, John"]
[Black "Navrotescu, Catalin"]
[Result "0-1"]
[BlackTitle "IM"]
[WhiteElo "2214"]
[BlackElo "2406"]
[WhiteFideId "650749"]
[BlackFideId "1200208"]
[EventDate "2014.08.17"]
[EventType "swiss"]

1. e4 c5 2. Nf3 e6 3. d4 cxd4 4. Nxd4 Nc6 5. Nc3 Qc7 6. Be3 a6 7. Be2 Nf6 8. O-O
Bb4 9. Na4 Bd6 10. Nxc6 bxc6 11. Nb6 Rb8 12. g3 Be7 13. Nxc8 Qxc8 14. Bd4 c5 15.
Be5 Rb6 16. Qd3 O-O 17. c4 d6 18. Bc3 Nd7 19. f4 Bf6 20. e5 dxe5 21. Rad1 Rb7
22. Bf3 Ra7 23. Be4 g6 24. f5 exf5 25. Rxf5 gxf5 26. Bxf5 Rd8 27. Bxh7+ Kg7 28.
Bf5 Qc7 29. Qf3 Nf8 30. Rf1 Rd6 31. Qg4+ Ng6 32. h4 e4 33. Bxf6+ Rxf6 34. h5 Qe5
35. hxg6 fxg6 36. Bxe4 Qd4+ 37. Kg2 Qxb2+ 38. Kh3 Raf7 39. Rxf6 Qxf6 0-1

[Event "ch-FRA Accession 2014"]
[Site "Nimes FRA"]
[Date "2014.08.17"]
[Round "1.13"]
[White "Song, Julien"]
[Black "Lacroix, Romain"]
[Result "1-0"]
[WhiteTitle "IM"]
[WhiteElo "2403"]
[BlackElo "2214"]
[WhiteFideId "659487"]
[BlackFideId "642592"]
[EventDate "2014.08.17"]
[EventType "swiss"]

1. d4 Nf6 2. c4 e6 3. Nf3 b6 4. a3 Bb7 5. Nc3 Be7 6. d5 d6 7. g3 e5 8. Bg2 a5 9.
O-O Nbd7 10. Nd2 O-O 11. b3 Re8 12. Bb2 Bf8 13. Qc2 g6 14. b4 Bg7 15. Nb3 Qe7
16. e4 axb4 17. axb4 Rxa1 18. Rxa1 Ra8 19. Rxa8+ Bxa8 20. Bc1 Bb7 21. Nb5 Ne8
22. Be3 Bf8 23. Na7 Qd8 24. Bh3 Ndf6 25. Nd2 Qa8 26. Qa4 h6 27. f3 g5 28. Nb1 g4
29. Bg2 Bc8 30. Nc3 Bd7 31. Qa2 Kh7 32. f4 Ng8 33. fxe5 dxe5 34. c5 bxc5 35.
bxc5 Nef6 36. c6 Bc8 37. Ncb5 Ne8 38. Qf2 Kg6 39. Bc5 Be7 40. Bxe7 Nxe7 41. Qc5
Kf6 42. d6 cxd6 43. Qb6 h5 44. Kf2 Nxc6 45. Qxc6 Qxc6 46. Nxc6 Bd7 47. Nca7 Kg5
48. Ke3 h4 49. Bf1 hxg3 50. hxg3 f5 51. exf5 Kxf5 52. Bd3+ Ke6 53. Bg6 Nf6 54.
Nc7+ Ke7 55. Be4 d5 56. Nxd5+ Nxd5+ 57. Bxd5 Kd6 58. Ke4 Ba4 59. Nc8+ Kc7 60.
Ne7 1-0

[Event "ch-FRA Accession 2014"]
[Site "Nimes FRA"]
[Date "2014.08.17"]
[Round "1.14"]
[White "Chandesris, Ludovic"]
[Black "Lazarev, Vladimir"]
[Result "1/2-1/2"]
[BlackTitle "GM"]
[WhiteElo "2212"]
[BlackElo "2400"]
[WhiteFideId "20640943"]
[BlackFideId "4113250"]
[EventDate "2014.08.17"]
[EventType "swiss"]

1. e4 c5 2. Nf3 Nc6 3. Bb5 g6 4. O-O Bg7 5. Nc3 Nf6 6. Re1 O-O 7. e5 Ne8 8. Bxc6
dxc6 9. Ne4 b6 10. h3 Nc7 11. b3 Ne6 12. Bb2 Nd4 13. Nxd4 cxd4 14. f4 c5 15. c3
dxc3 16. dxc3 Bb7 17. Qe2 Qc7 18. Rad1 Rad8 19. Ng5 h6 20. Nf3 Rxd1 21. Rxd1 Rd8
22. c4 e6 23. Rd3 Bf8 24. Nd2 Rxd3 25. Qxd3 Qc6 26. Nf3 Be7 27. Bc1 a6 28. Qe2
h5 29. Bb2 b5 30. Nd2 Bh4 31. Kh2 Be7 32. Kg1 Bh4 33. Kh2 Be7 34. Kg1 Bh4 35.
Kh2 Be7 36. Kg1 Bh4 37. Kh2 Be7 38. Kg1 Bh4 39. Kh2 Be7 40. Kg1 Bh4 1/2-1/2

[Event "ch-FRA Accession 2014"]
[Site "Nimes FRA"]
[Date "2014.08.17"]
[Round "1.15"]
[White "Brochet, Philippe"]
[Black "Burri, Quentin"]
[Result "1-0"]
[WhiteTitle "IM"]
[WhiteElo "2400"]
[BlackElo "2211"]
[WhiteFideId "602469"]
[BlackFideId "26028654"]
[EventDate "2014.08.17"]
[EventType "swiss"]

1. e4 c5 2. Nc3 d6 3. d4 cxd4 4. Qxd4 a6 5. Bg5 Nc6 6. Qd2 h6 7. Be3 Nf6 8. f3
e6 9. O-O-O Qc7 10. g4 b5 11. h4 Bd7 12. Bh3 Ne5 13. g5 hxg5 14. hxg5 b4 15. Nd5
Nxd5 16. exd5 a5 17. Bd4 Rc8 18. Bxe5 dxe5 19. g6 f5 20. f4 e4 21. dxe6 Bxe6 22.
Bxf5 Rxh1 23. Bxe6 Rd8 24. Bf7+ Ke7 25. Bd5 Rh4 26. Ne2 Qc5 27. Ng3 Rh3 28. Nxe4
Qe3 29. Re1 Qxd2+ 30. Nxd2+ Kd6 31. Bb3 Kc7 32. Nc4 Bc5 33. Nxa5 Be3+ 34. Kb1
Bxf4 35. a4 bxa3 36. bxa3 Bd2 37. Re7+ Kd6 38. Ra7 Bc3 39. Nc4+ Kc5 40. Rc7+ Kd5
41. Nb2+ Ke4 42. Ka2 Be5 43. Re7 Rh1 44. a4 Kf5 45. Bc4 Bf6 46. Rb7 Kxg6 47. a5
Bd4 48. a6 Rhh8 49. Kb3 Kf6 50. c3 Be3 51. Nd3 Rb8 52. Nb4 Bc5 53. Rf7+ Kg6 54.
Ka4 Rh4 55. Rb7 Rc8 56. Bd5 Kh6 57. Kb5 Bxb4 58. cxb4 Rh5 59. Rd7 Rb8+ 60. Kc5
Rc8+ 61. Kb6 1-0

[Event "ch-FRA Accession 2014"]
[Site "Nimes FRA"]
[Date "2014.08.18"]
[Round "2.1"]
[White "Giroyan, Gary"]
[Black "Lagarde, Maxime"]
[Result "0-1"]
[WhiteTitle "IM"]
[BlackTitle "GM"]
[WhiteElo "2359"]
[BlackElo "2534"]
[WhiteFideId "680281"]
[BlackFideId "662399"]
[EventDate "2014.08.17"]
[EventType "swiss"]

1. d4 Nf6 2. c4 e6 3. Nc3 Bb4 4. e3 O-O 5. Ne2 Re8 6. a3 Bf8 7. d5 d6 8. Ng3 c6
9. dxe6 Bxe6 10. Be2 d5 11. cxd5 cxd5 12. O-O Nc6 13. Nb5 g6 14. b3 h5 15. Bb2
h4 16. Nh1 Bg7 17. Nd4 Qb6 18. f3 Bd7 19. Qd3 Re7 20. Rae1 Rae8 21. Bd1 Nh5 22.
Kf2 Nf4 23. Qd2 Nxd4 24. Bxd4 Bxd4 25. exd4 Ne6 26. Kg1 Nxd4 27. Nf2 Nxb3 28.
Bxb3 Rxe1 29. Rxe1 Rxe1+ 30. Qxe1 Qxb3 31. Qc1 h3 32. f4 d4 33. Ne4 Bc6 0-1

[Event "ch-FRA Accession 2014"]
[Site "Nimes FRA"]
[Date "2014.08.18"]
[Round "2.2"]
[White "Apicella, Manuel"]
[Black "Bellahcene, Bilel"]
[Result "0-1"]
[WhiteTitle "GM"]
[BlackTitle "FM"]
[WhiteElo "2520"]
[BlackElo "2357"]
[WhiteFideId "600164"]
[BlackFideId "696358"]
[EventDate "2014.08.17"]
[EventType "swiss"]

1. e4 c5 2. Nf3 d6 3. d4 cxd4 4. Nxd4 Nf6 5. Nc3 a6 6. Be3 e5 7. Nf3 Qc7 8. a4
Be7 9. Be2 O-O 10. O-O b6 11. Bg5 Nbd7 12. Nh4 g6 13. Bd3 Bb7 14. Qf3 Qd8 15. h3
Ne8 16. Bxe7 Qxe7 17. Qg3 Ng7 18. Bc4 Rac8 19. Bd5 Rxc3 20. bxc3 Bxd5 21. exd5
Nh5 22. Nf5 Qf6 23. Nh6+ Kg7 24. Qe3 Nf4 25. g3 Kxh6 26. Kh2 Kg7 27. gxf4 exf4
28. Qd4 Ne5 29. f3 Rc8 30. Ra3 Qg5 31. Qf2 Rc5 32. Rd1 Qh5 33. c4 Rxc4 34. Rd4
Rxd4 35. Qxd4 Qh4 36. Qg1 h5 37. Rb3 g5 38. Kg2 Qg3+ 39. Kf1 Qxh3+ 40. Ke2 g4
41. fxg4 f3+ 42. Kd2 hxg4 0-1

[Event "ch-FRA Accession 2014"]
[Site "Nimes FRA"]
[Date "2014.08.18"]
[Round "2.3"]
[White "Kambrath, Yannick"]
[Black "Bricard, Emmanuel"]
[Result "1/2-1/2"]
[WhiteTitle "FM"]
[BlackTitle "GM"]
[WhiteElo "2288"]
[BlackElo "2457"]
[WhiteFideId "20632525"]
[BlackFideId "600245"]
[EventDate "2014.08.17"]
[EventType "swiss"]

1. d4 e6 2. c4 f5 3. g3 Nf6 4. Bg2 Be7 5. Nf3 d5 6. O-O O-O 7. b3 b6 8. Ba3 Bb7
9. Qc1 Na6 10. Qe3 Ne4 11. Bxe7 Qxe7 12. Nc3 c5 13. Ne5 Nb4 14. Nxe4 fxe4 15.
Rfc1 Rad8 16. cxd5 exd5 17. a3 Na6 18. f4 exf3 19. exf3 Nc7 20. f4 Nb5 21. dxc5
d4 22. Qd3 Bxg2 23. Kxg2 Nc3 24. c6 g5 25. Re1 gxf4 26. Ng6 f3+ 27. Qxf3 Qxe1
28. Rxe1 Rxf3 29. Ne7+ Kg7 30. Kxf3 Rf8+ 31. Kg2 d3 32. c7 d2 33. Ra1 d1=Q 34.
Rxd1 Nxd1 35. c8=Q Ne3+ 36. Kh3 Rxc8 37. Nxc8 Nc2 38. a4 a5 39. Nxb6 Nd4 40. Kg4
Nxb3 41. Kf5 Kh6 42. g4 Kg7 43. h4 Nd2 44. g5 Nb3 45. h5 Nd4+ 46. Kg4 Ne6 47.
Nc4 Nc5 48. h6+ Kg8 49. Nb6 Kf7 50. Kh5 Ne6 51. Nd5 Kg8 52. Nf6+ Kh8 53. Nd5 Kg8
54. Kg4 Nc5 55. Nb6 Kf7 56. Kf5 Ne6 57. Nc4 Nd4+ 58. Kg4 Ne6 59. Kf5 Nd4+ 60.
Kg4 Ne6 61. Nxa5 Nc5 62. Nc4 Nxa4 63. Ne5+ Kg8 64. Kf5 Nb6 65. g6 Nc8 66. g7
Nd6+ 67. Ke6 Ne8 68. Ng4 Nxg7+ 69. hxg7 Kxg7 1/2-1/2

[Event "ch-FRA Accession 2014"]
[Site "Nimes FRA"]
[Date "2014.08.18"]
[Round "2.4"]
[White "Velten, Paul"]
[Black "Houriez, Clement"]
[Result "1/2-1/2"]
[WhiteTitle "IM"]
[BlackTitle "FM"]
[WhiteElo "2437"]
[BlackElo "2295"]
[WhiteFideId "681091"]
[BlackFideId "649708"]
[EventDate "2014.08.17"]
[EventType "swiss"]

1. d4 Nf6 2. Nf3 e6 3. Bg5 c5 4. e3 b6 5. Bd3 Bb7 6. O-O h6 7. Bxf6 Qxf6 8. Nbd2
Qd8 9. c3 Be7 10. a4 Nc6 11. Re1 O-O 12. Bb1 d6 13. Qc2 g6 14. Ba2 d5 15. dxc5
bxc5 16. e4 d4 17. Rad1 dxc3 18. bxc3 Qc7 19. h4 h5 20. e5 Kg7 21. Re4 Rad8 22.
Rde1 Ba6 23. R1e3 Qd7 24. Bb1 Na5 25. Rf4 Rg8 26. Kh2 Bb7 27. g4 hxg4 28. Rxg4
Kf8 29. Qb2 Bxf3 30. Nxf3 Qb7 31. Qc2 Rb8 32. Ba2 Qb2 33. Re2 Qxc2 34. Rxc2 Rh8
35. Kg2 Rh5 36. Bc4 Nxc4 37. Rxc4 Ke8 38. Rd2 f6 39. exf6 Bxf6 40. Kg3 Rb3 41.
Rd3 Rd5 42. Rxd5 exd5 43. Rxc5 Rxc3 44. Rxd5 Bxh4+ 45. Kg2 Bd8 46. Ne5 Bb6 47.
a5 Rc5 48. Rxc5 Bxc5 49. Nxg6 Kd7 50. f4 Kc6 51. Kf3 Kb5 52. Ne5 Kxa5 53. Nc6+
Kb5 54. Nxa7+ 1/2-1/2

[Event "ch-FRA Accession 2014"]
[Site "Nimes FRA"]
[Date "2014.08.18"]
[Round "2.5"]
[White "Fantinel, Thibault"]
[Black "Battaglini, Gabriel"]
[Result "0-1"]
[WhiteTitle "FM"]
[BlackTitle "IM"]
[WhiteElo "2272"]
[BlackElo "2431"]
[WhiteFideId "663395"]
[BlackFideId "621650"]
[EventDate "2014.08.17"]
[EventType "swiss"]

1. c4 e6 2. g3 d5 3. Bg2 Nf6 4. Nf3 d4 5. O-O c5 6. e3 Nc6 7. exd4 cxd4 8. d3 h6
9. Re1 Bd6 10. Na3 O-O 11. Nc2 a5 12. b3 e5 13. Ba3 Bf5 14. Bxd6 Qxd6 15. Qe2
Rfe8 16. Nd2 Nd7 17. Ne4 Qe7 18. a3 Bg6 19. Rad1 f5 20. Nd2 Nc5 21. Bd5+ Kh7 22.
h4 Kh8 23. h5 Bh7 24. Nf3 Qf6 25. Bxc6 bxc6 26. Nxe5 f4 27. Nxd4 fxg3 28. fxg3
Nxd3 29. Ndxc6 Nxe1 30. Rxe1 Rac8 31. b4 axb4 32. axb4 Rxc6 33. Nf7+ Qxf7 34.
Qxe8+ Qxe8 35. Rxe8+ Bg8 36. c5 Kh7 37. Kf2 Bf7 38. Re5 Kg8 39. Ke3 Kf8 40. Kd4
Re6 41. Rf5 Ke7 42. b5 Re1 43. c6 Be6 44. Re5 Rc1 45. Rc5 Rd1+ 46. Ke5 Re1+ 47.
Kf4 Rf1+ 48. Ke4 Kd6 49. Rc3 Kc7 50. Ra3 Kb6 51. c7 Bc8 52. Ra8 Kb7 53. Ra6 Kxc7
54. Rc6+ Kb7 55. Ke5 Rf5+ 56. Kd6 Rg5 57. Rc7+ Kb8 58. b6 Rxg3 59. Ke7 g6 60.
Rc6 gxh5 61. Rxh6 Bg4 0-1

[Event "ch-FRA Accession 2014"]
[Site "Nimes FRA"]
[Date "2014.08.18"]
[Round "2.6"]
[White "Sochacki, Christophe"]
[Black "Duboue, Peio"]
[Result "0-1"]
[WhiteTitle "IM"]
[WhiteElo "2431"]
[BlackElo "2272"]
[WhiteFideId "662569"]
[BlackFideId "654833"]
[EventDate "2014.08.17"]
[EventType "swiss"]

1. d4 d5 2. Nf3 Nf6 3. c4 dxc4 4. Nc3 c6 5. a4 Bf5 6. Ne5 e6 7. Nxc4 c5 8. dxc5
Qxd1+ 9. Nxd1 Bxc5 10. f3 Nc6 11. e4 Bg6 12. Be3 Bb4+ 13. Kf2 O-O 14. Be2 Rfd8
15. Nc3 Nd4 16. Rad1 Nxe2 17. Nxe2 Nd7 18. b3 f6 19. Nd4 Bf7 20. Nb5 Nc5 21.
Nbd6 e5 22. Nxf7 Kxf7 23. Ke2 Ne6 24. Rd5 Nc7 25. Rxd8 Rxd8 26. Bxa7 b5 27. Ne3
Rd2+ 28. Kf1 Rb2 29. Nd1 Rxb3 30. axb5 Nxb5 31. Be3 Rb1 32. Kf2 Nc3 33. Nxc3
Rxh1 34. Nd5 Bd6 35. h3 g6 36. Bb6 f5 37. exf5 gxf5 38. Ne3 Rb1 39. Ba7 Ke6 40.
Nc4 Bc7 41. Ke2 Ra1 42. Bf2 Ra2+ 43. Kf1 f4 44. Be1 Kd5 45. Nd2 Ba5 46. Ke2 Bxd2
47. Bxd2 Kd4 0-1

[Event "ch-FRA Accession 2014"]
[Site "Nimes FRA"]
[Date "2014.08.18"]
[Round "2.7"]
[White "Moussard, Jules"]
[Black "Le Ruyet, Leopold"]
[Result "1-0"]
[WhiteTitle "IM"]
[WhiteElo "2423"]
[BlackElo "2263"]
[WhiteFideId "642908"]
[BlackFideId "645923"]
[EventDate "2014.08.17"]
[EventType "swiss"]

1. g3 Nf6 2. Bg2 c5 3. e4 Nc6 4. d3 d5 5. Ne2 e5 6. Nd2 Be7 7. O-O O-O 8. h3
dxe4 9. dxe4 b6 10. Kh2 Ba6 11. Re1 Qd7 12. Nc3 Rad8 13. Nd5 Nb4 14. c4 Nc6 15.
b3 Nxd5 16. exd5 Nd4 17. Bb2 Bd6 18. Nf3 Qf5 19. Rc1 Rfe8 20. Re3 Bc8 21. Qe1
Nc2 22. Rxc2 Qxc2 23. Bxe5 Bf8 24. Bc7 Rxe3 25. Qxe3 Rd7 26. d6 Qf5 27. Qe8 Bb7
28. Nh4 Qe6 29. Qxe6 fxe6 30. Bxb7 Bxd6 31. Bxd6 Rxd6 32. Nf3 Rd1 33. Bc8 Kf7
34. Ng5+ Ke7 35. Nxe6 Rd2 36. Kg2 g6 37. a4 Rd3 38. Nf4 Rxb3 39. Ba6 Kd6 40. h4
Ke5 41. Kh3 Rf3 42. Kg4 Ra3 43. Bb5 Kd4 44. Ne6+ Kd3 45. Nf8 Ke2 46. Kg5 Kxf2
47. g4 h5 48. Nxg6 hxg4 49. Kxg4 Rg3+ 50. Kf5 Rh3 51. Bd7 Ke3 52. Kg5 Rh1 53. h5
Kd4 54. Be6 Rg1+ 55. Bg4 Rh1 56. Nh4 1-0